000
00256nam a2200097 4500
245
_a
Bernard Shaw
_c
by Bernard F. Dukore.
100
_a
Dukore, Bernard. F.
260
_a
London
_b
George Allen & Unwin
_c
1971
300
_a
199p.; 22 cm.
082
_a
927.920233
_b
SHA/DUK
999
_c
864
_d
864